000 00640nam a2200169 a 4500
001 000038181
005 20201002031204.0
008 130320s2007 dr a 000 0 spa d
040 _aDO-SdBNP
_bspa
_cBNPHU
100 1 _aRozas Aristy, Eduardo
_d1942-
_964553
245 1 0 _aGramática del diseño arquitectónico /
_cEduardo Rozas Aristy ; prólogo Leopoldo A. Espaillat N.
260 _aSanto Domingo :
_bEditora Universitaria,
_c2007.
300 _a217 p. :
_bils.
500 _aIncluye datos biográficos del autor en la solapa de la contracubierta
504 _aBibliografía : p. 219
700 1 _aEspaillat N., Leopoldo A,
_epról.
_959658
999 _c37671
_d37671